Football Teams by Stadium Name #1 - Statistics

General Stats
  • This quiz has been taken 106 times
    40 since last reset
  • The average score is 6 of 12
Answer Stats
Stadium Football Club(s) % Correct
Allianz Arena Bayern
97%
Stamford Bridge Chelsea FC
92%
La Bombonera Boca Juniors
51%
City Ground Nottingham Forest
49%
Estadio Gran Canaria UD Las Palmas
49%
Maracanã Flamengo, Fluminense
46%
Stade Louis II Monaco
46%
Ibrox Stadium Rangers
46%
Allianz Stadium Juventus
38%
Tüpraş Stadyumu Beşiktaş
36%
Mercedes-Benz Stadium Atlanta United
28%
Estádio Jose Alvalade Sporting CP
23%
No matching quizzes found
Score Distribution
Percent of People with Each Score
Percentile by Number Answered
Your Score History
You have not taken this quiz since the last reset